=LDR 00000nam 2200000 4500 =001 INLIS000000001052334 =005 20240826095628 =035 ##$$a 0010-0824000152 =007 ta =008 240826################a##########j###### =020 ##$$a 978-89-6329-640-1 =082 ##$$a 028.55 =084 ##$$a 028.55 LEE s =100 #$$a Lee So-jeong =245 1#$$a Semburan yang masuk ke bumi /$c Lee So-jeong =260 ##$$a Gyeonggi-do :$b Korea Tolstoi =300 ##$$a 31 hlm. : $b ilus. ; $c 26 cm =650 #4$$a Bacaan kanak-kanak =990 ##$$a 17221722